Word Scramble - UN Member States - Statistics

General Stats
  • This quiz has been taken 127 times
  • The average score is 12 of 20
Answer Stats
Country % Correct
Angola
100%
Benin
100%
Bolivia
100%
Bulgaria
100%
Cameroon
100%
Comoros
100%
Cuba
100%
Cyprus
100%
Djibouti
100%
Dominica
100%
Egypt
100%
Eswatini
100%
Fiji
100%
Finland
100%
Georgia
100%
Greece
100%
Haiti
100%
Iran
100%
Iraq
100%
Italy
100%
Japan
100%
Kuwait
100%
Luxembourg
100%
Madagascar
100%
Malaysia
100%
Mali
100%
Mexico
100%
Morocco
100%
Myanmar
100%
Nepal
100%
Norway
100%
Oman
100%
Palau
100%
Russia
100%
São Tomé and Príncipe
100%
Singapore
100%
Solomon Islands
100%
Spain
100%
Sweden
100%
Togo
100%
Tonga
100%
Tuvalu
100%
Montenegro
83%
Panama
83%
Peru
83%
Samoa
83%
Lesotho
80%
Uganda
80%
Uruguay
80%
Botswana
75%
China
75%
Malta
75%
Monaco
75%
Ukraine
75%
Armenia
67%
Bahrain
67%
Belgium
67%
Belize
67%
Burkina Faso
67%
Eritrea
67%
Ghana
67%
Guyana
67%
Jordan
67%
Lithuania
67%
Mauritania
67%
Mauritius
67%
Rwanda
67%
Sierra Leone
67%
Sudan
67%
Suriname
67%
Syria
67%
Yemen
67%
Chile
60%
India
60%
Israel
60%
Mongolia
60%
Venezuela
60%
Afghanistan
50%
Australia
50%
Azerbaijan
50%
Bangladesh
50%
Bhutan
50%
Cape Verde
50%
Denmark
50%
Gabon
50%
Germany
50%
Grenada
50%
Guinea
50%
Iceland
50%
Jamaica
50%
Kazakhstan
50%
Kenya
50%
Kyrgyzstan
50%
Laos
50%
Malawi
50%
Maldives
50%
Nauru
50%
Niger
50%
Papua New Guinea
50%
Philippines
50%
Senegal
50%
Somalia
50%
South Africa
50%
South Korea
50%
Tanzania
50%
Trinidad and Tobago
50%
Turkey
50%
Hungary
40%
Burundi
33%
Central African Republic
33%
Ecuador
33%
France
33%
Libya
33%
Netherlands
33%
New Zealand
33%
Nicaragua
33%
Pakistan
33%
Thailand
33%
United Kingdom
33%
Albania
25%
Croatia
25%
Lebanon
25%
Nigeria
25%
Seychelles
25%
Cambodia
20%
Marshall Islands
20%
Romania
20%
Tajikistan
17%
Federated States of Micronesia
14%
Algeria
0%
Andorra
0%
Antigua and Barbuda
0%
Argentina
0%
Austria
0%
Bahamas
0%
Barbados
0%
Belarus
0%
Bosnia and Herzegovina
0%
Brazil
0%
Brunei
0%
Canada
0%
Chad
0%
Colombia
0%
Costa Rica
0%
Czech Republic
0%
Democratic Republic of the Congo
0%
Dominican Republic
0%
East Timor
0%
El Salvador
0%
Equatorial Guinea
0%
Estonia
0%
Ethiopia
0%
Gambia
0%
Guatemala
0%
Guinea-Bissau
0%
Honduras
0%
Indonesia
0%
Ireland
0%
Ivory Coast
0%
Kiribati
0%
Latvia
0%
Liberia
0%
Liechtenstein
0%
Moldova
0%
Mozambique
0%
Namibia
0%
North Korea
0%
North Macedonia
0%
Paraguay
0%
Poland
0%
Portugal
0%
Qatar
0%
Republic of the Congo
0%
Saint Kitts and Nevis
0%
Saint Lucia
0%
Saint Vincent and the Grenadines
0%
San Marino
0%
Saudi Arabia
0%
Serbia
0%
Slovakia
0%
Slovenia
0%
South Sudan
0%
Sri Lanka
0%
Switzerland
0%
Tunisia
0%
Turkmenistan
0%
United Arab Emirates
0%
United States
0%
Uzbekistan
0%
Vanuatu
0%
Vietnam
0%
Zambia
0%
Zimbabwe
0%
No matching quizzes found
Score Distribution
Percent of People with Each Score
Percentile by Number Answered
Your Score History
You have not taken this quiz